000
00304nam a22001097a 4500
082
_a
623.043 MIL'T
100
_a
INTERAVIA, S. A
_9
74440
245
_a
MILITARY ELECTRONICS DEFENE EXPO 80 CONFERENCE PROCEEDINGS OCTOBER 7-9 1980
260
_a
SWITZERLAND
_b
INTERWEVIA
_c
1980
300
_a
936P
942
_c
BK
999
_c
579970
_d
579970